<?xml version="1.0" encoding="UTF-8"?><?xml-stylesheet type="text/xsl" href="static/style.xsl"?><OAI-PMH xmlns="http://www.openarchives.org/OAI/2.0/" xmlns:xsi="http://www.w3.org/2001/XMLSchema-instance" xsi:schemaLocation="http://www.openarchives.org/OAI/2.0/ http://www.openarchives.org/OAI/2.0/OAI-PMH.xsd"><responseDate>2026-04-27T14:37:01Z</responseDate><request verb="GetRecord" identifier="oai:uvadoc.uva.es:10324/31470" metadataPrefix="marc">https://uvadoc.uva.es/oai/request</request><GetRecord><record><header><identifier>oai:uvadoc.uva.es:10324/31470</identifier><datestamp>2025-09-11T07:29:38Z</datestamp><setSpec>com_10324_38</setSpec><setSpec>col_10324_852</setSpec></header><metadata><record xmlns="http://www.loc.gov/MARC21/slim" xmlns:doc="http://www.lyncode.com/xoai" xmlns:xsi="http://www.w3.org/2001/XMLSchema-instance" xmlns:dcterms="http://purl.org/dc/terms/" xsi:schemaLocation="http://www.loc.gov/MARC21/slim http://www.loc.gov/standards/marcxml/schema/MARC21slim.xsd">
<leader>00925njm 22002777a 4500</leader>
<datafield tag="042" ind1=" " ind2=" ">
<subfield code="a">dc</subfield>
</datafield>
<datafield tag="720" ind1=" " ind2=" ">
<subfield code="a">Izquierdo González, Álvaro</subfield>
<subfield code="e">author</subfield>
</datafield>
<datafield tag="260" ind1=" " ind2=" ">
<subfield code="c">2018</subfield>
</datafield>
<datafield tag="520" ind1=" " ind2=" ">
<subfield code="a">Este proyecto tiene por objetivo el diseño y creación de un método de simulación del&#xd;
tratamiento de la biomasa lignocelulósica mediante la utilización del software Aspen&#xd;
Plus® con Aspen Polymers®.&#xd;
El proceso se basa en la extracción hidrotermal, con 5 reactores, de las celulosas y&#xd;
hemicelulosas y una posterior separación con membranas de rangos de corte entre&#xd;
5 a 30 kDa. Esta diseñado en 3 grandes bloques como son la etapa de extracción, la&#xd;
etapa de separación y la etapa de purificación.&#xd;
Inicialmente se ha creado una base de datos de compuestos mediante la utilización&#xd;
de Aspen Polymers® que nos permita simular las propiedades de estos polímeros&#xd;
A continuación, los distintos pasos se han diseñado mediante las herramientas&#xd;
propias del programa, con la utilización a mayores de hojas de cálculo de Excel&#xd;
integradas para la simulación de la extracción y la separación de los distintos&#xd;
compuestos.&#xd;
La simulación permite obtener, a partir de la composición de la biomasa utilizada y&#xd;
distintos parámetros de operación cómo será la temperatura y el tiempo de&#xd;
residencia del sólido, los componentes extraídos y la separación de estos obtenida.</subfield>
</datafield>
<datafield tag="024" ind2=" " ind1="8">
<subfield code="a">http://uvadoc.uva.es/handle/10324/31470</subfield>
</datafield>
<datafield ind1=" " ind2=" " tag="653">
<subfield code="a">Aspen Plus (Programa de ordenador)</subfield>
</datafield>
<datafield ind1=" " ind2=" " tag="653">
<subfield code="a">Biomasa</subfield>
</datafield>
<datafield ind1=" " ind2=" " tag="653">
<subfield code="a">Simulación por ordenador</subfield>
</datafield>
<datafield tag="245" ind1="0" ind2="0">
<subfield code="a">Simulación de un proceso extracción hidrotermal de hemicelulosa utilizando Aspen Plus con Aspen Polymers</subfield>
</datafield>
</record></metadata></record></GetRecord></OAI-PMH>